000 01269nam0a2200313 4500
001 RU\NLR\ONL2\26644
005 20250613224517.0
010 _a978-5-89972-286-8
010 _a978-5-7992-0725-0
_91000
035 _a(NLR Aleph) 010213598
090 _a10285418
_c10285418
100 _a20130617d2012 |||y0rusy50 ca
101 0 _akbd
102 _aRU
105 _ay |||||||||
200 1 _aАнэдэлъхубзэ литературэ
_e6-нэ кл. папщIэ учебник-хрестоматие
_f[зэхэзылъхьахэр Иуан З. Х.-М., ДыщэкI М. Р.]
205 _a3-е изд.
210 _aМайкоп
_cОАО "Полиграф-ЮГ"
_d2012
215 _a240,[1] с.
_d22
541 1 _aЧеркесская литература
_eучебник-хрестоматия для 5 кл. общеобразовательных учреждений
_zrus
606 0 _aЧеркесская литература
_jХрестоматии для средней школы
_91067755
_3RU\NLR\auth\6696932
686 1 _aШ5(2=Ч) я72
702 1 _aИуан
_bЗ. Х.-М.
_4220
801 0 _aRU
_bNLR
_c20130617
_gPSBO
852 _aNLR
_bОНЛ
_jЧерк./3-1509
942 _cBOOK
980 _aNB
980 _aONL_RF